| 000 | 01621nam a2200445 c 4500 | ||
|---|---|---|---|
| 001 | 52909 | ||
| 003 | ES-MaCES | ||
| 005 | 20250203133307.0 | ||
| 007 | cr ||||||||||| | ||
| 008 | 231113s2023 sp 000 ||spa d | ||
| 017 |
_aNA 564-2023 _bDL |
||
| 020 | _a9788411632973 | ||
| 020 | _a9788411632980 (electrónico) | ||
| 040 |
_aES-MaCES _bspa _cES-MaCES |
||
| 100 | 1 |
_940800 _aElorza Saravia, Juan Daniel |
|
| 245 | 1 | 0 |
_aValores y Constitución _b: fundamentación del Derecho, justificación judicial y polarización social en las democracias contemporáneas _cJuan Daniel Elorza Saravia |
| 250 | _a1ª ed | ||
| 260 |
_aCizur Menor (Navarra) _bAranzadi-Thomson Reuters _c2023 |
||
| 300 |
_a268 p. _c23 cm |
||
| 490 | 1 | _aEstudios | |
| 500 | _a Publicación en formato DÚO (papel + libro ectrónico). Disponible en formato electrónico mediante la aplicación PROVIEW | ||
| 504 | _aBibliografía: p. 245-268 | ||
| 541 | _cCompra | ||
| 650 | 4 |
_aconstitución _927193 |
|
| 650 | 4 |
_aderecho constitucional _927158 |
|
| 650 | 4 |
_asistema de valores _929392 |
|
| 650 | 4 |
_anorma social _929391 |
|
| 650 | 4 |
_aresponsabilidad moral _929390 |
|
| 650 | 4 |
_ademocracia _927175 |
|
| 650 | 4 |
_arégimen político _927201 |
|
| 650 | 4 |
_ateoría política _927233 |
|
| 650 | 4 |
_ateoría legal _929895 |
|
| 650 | 4 |
_afilosofía _927252 |
|
| 650 | 4 |
_arégimen jurídico _929894 |
|
| 653 | 1 | 0 | _aDerecho constitucional |
| 830 | 0 |
_aEstudios (Thomson Reuters-Aranzadi) _934937 |
|
| 856 | 4 |
_uhttps://miespacio.aranzadilaley.es/Account/Login _yLegalteca |
|
| 902 | _aLIB Libro | ||
| 942 |
_2CES _cBK _h6.0.3. |
||
| 999 |
_c52909 _d52909 |
||